| 000 | 00000nam 2200000zi 4500 |
| 001 | 9.945408 |
| 003 | CaOODSP |
| 005 | 20250224144122 |
| 006 | m o d f |
| 007 | cr cn||||||||| |
| 008 | 241121t19781978onca o f000 0 fre d |
| 040 | |aCaOODSP|bfre|erda|cCaOODSP |
| 043 | |an-cn--- |
| 086 | 1 |aC23-100/1978F-PDF |
| 245 | 00|aRapport sur la situation des ressources de la faune canadienne pour l'industrie et la fourrure. |
| 250 | |aÉdition révisée (1977). |
| 264 | 1|aOttawa, Canada : |bGouvernement du Canada, Industrie et Commerce = Government of Canada, Industry, Trade and Commerce, |c1978. |
| 264 | 4|c©1978 |
| 300 | |a1 ressource en ligne (66 pages) : |billustrations |
| 336 | |atexte|btxt|2rdacontent/fre |
| 337 | |ainformatique|bc|2rdamedia/fre |
| 338 | |aressource en ligne|bcr|2rdacarrier/fre |
| 500 | |aPublié aussi en anglais sous le titre : Report on the status of Canadian wildlife used by the fur industry. |
| 500 | |aÉdition numérisée de l'imprimé [par Innovation, sciences et développement économique Canada]. |
| 650 | 6|aFourrures|xCommerce|zCanada. |
| 650 | 6|aAnimaux à fourrure|zCanada. |
| 650 | 6|aEspèces en voie de disparition|zCanada. |
| 710 | 1 |aCanada. |bIndustrie et commerce, |eorganisme de publication. |
| 775 | 08|tReport on the status of Canadian wildlife used by the fur industry.|w(CaOODSP)9.945400 |
| 856 | 40|qPDF|s1.60 Mo|uhttps://publications.gc.ca/collections/collection_2024/isde-ised/c23/C23-100-1978-fra.pdf |